000 00299nam a22001337a 4500
008 170715b xxu||||| |||| 00| 0 eng d
020 _a9780321047069
041 _aeng
080 _210TH
_a572
100 _a24
101 _aANT
245 _aCONFORMITY AND CONFLICT
_cSPRADLEY,J
942 _2udc
_cBK
999 _c21138
_d21138